01608nam a2200301 a 450000100060000000300080000600500170001400800410003102000160007203500190008804000320010704100080013908200380014711000850018524503160027024601510058626000500073730000380078749000260082565100630085165100810091470000330099571000430102883000340107194200130110599900170111895201710113564215BD-RjUL20211209081301.0170126s1963 pk s o00| 0 eng  c: PRs. 3.50 a(BD-RjUL)64345 aDLCcDLCdDLCdBD-RjULbeng aeng a304.609549021223bRAW 1963 (DCR) aPakistan.bMinistry of Home and Kashmir Affairs (Home Affairs Division).918643210aPopulation census of Pakistan, 1961 : bDistrict census report, Rawalpindi. Parts I-V : General description, general tables, housing tables, population tables, and village statistics / cPakistan. Ministry of Home and Kashmir Affairs (Home Affairs Division) ; Census organization (Pakistan) ; A. Rashid, [comp.] aDistrict census report, Rawalpindi :bParts I-V : General description, general tables, housing tables, population tables, and village statistics.  aKarachi : bManager of publications,c[1963]. avarious pagings :bIll. ;c25 cm. acensus, 61 ;vNo. 115 aPakistan (West Pakistan)zRawalpindivCensus, 19619190697 aPakistan (West Pakistan)zRawalpindixPopulation vStatistics y19619190698 aRashid, A. , [comp.]9186708 aCensus organization (Pakistan)9186435 acensus, 61 ;vNo. 1159190701 2ddccRAR c64215d64215 00102ddc40718RAREaRUCLbRUCLcRared1963-03-18eDy. Director of Census, W. Pakistanl0oRA 304.609549021 RAW 1963(DCR)r2017-02-12 00:00:00tC-1w2017-02-12yRAR